000 00634nam a22001937a 4500
008 160723s2010 ck||||| |||| 00| 0 spa d
082 0 4 _a741
_bC157v
100 _aCalle, Johanna.
_95303
245 1 0 _aVariaciones /
_cJohanna Calle ; textos por Cecilia Fajardo-Hill ; traducido por Manuel Kalmanovitz.
250 _a1a ed.
260 _aBogotá, Colombia :
_bGaleria Casas Reigner,
_c2010.
300 _a52 p.
653 1 0 _aExhibiciones
653 1 0 _aDibujo
653 1 0 _aArte contemporáneo
653 1 0 _aGaleria Casas Riegner
700 1 _aFajardo-Hill, Cecilia.
_etextos.
_95304
700 1 _aKalmanovitx, Manuel.
_etraductor.
_95305
999 _c979
_d979